000 00483nam a2200193Ia 4500
005 20250522104344.0
008 008 250516s9999 xx 000 0 eng d
020 _a9781408844489
040 _aSDCL
_beng
_cSDCL
041 _aeng
_2eng
084 _aS:66, Q0 LR
_qSDCL
100 _aGilbert, Elizabeth
_9409590
245 0 _aEat, Pray, Love
260 _aNew Delhi:
_bBloomsbury,
_c2010.
300 _a349p.
365 _aINR
_b599
650 _aReference
942 _cTEXL
999 _c1430055
_d1430055